00746cam a2200253 a 4500001000800000005001700008008004100025010001700066020001500083020003200098040001800130041000800148080001400156082001800170100000700188101000800195245007200203246001400275246001600289906004500305942001200350999001700362952011300379207094720180313094809.0941101s1995 mau d 000 0 eng  a 94042879  a0395687225 a039573679X (deluxe edition) aDLCcDLCdDLC aeng a423.1 BOS00a423.1 BOS220 a23 aFJA00aRoget's II :cby the editors of The American Heritage Dictionaries.3 aRoget's 23 aRoget's two a7bcbccorignewd1eocipf19gy-gencatlg 2ddccBK c44913d44913 00102udc40708PËKGa002b002cPËKGd2018-03-13l0o423.1 BOSp002-3002106r2018-03-13w2018-03-13yBK